| 000 | 00468nam a22001697a 4500 | ||
|---|---|---|---|
| 003 | CEME | ||
| 005 | 20210628204132.0 | ||
| 008 | 210106b xxu||||| |||| 00| 0 eng d | ||
| 020 | _a9783527407170 | ||
| 040 | _cceme | ||
| 082 | _a621.362 VOL | ||
| 100 |
_aVollmer, Michael, Mollmann, Klous Peter _968877 |
||
| 245 | _aUncooled thermal imaging, fundamentals, research and applications | ||
| 260 |
_aGERMANY _bWILEY _c2010 |
||
| 300 | _aXVII, 593P | ||
| 942 |
_cBK _2ddc |
||
| 999 |
_c576337 _d576337 |
||